[Event "AUTO-INT-3352"]
[Site "http://www.queenalice.com/game.php?id=1530128"]
[Date "2018.6.7"]
[Round "1"]
[White "krystian"]
[Black "El_Toro"]
[Result "0-1"]
[WhiteElo "1785"]
[BlackElo "1524"]

1. e4 e6 2. d4 d5 3. e5 c5 4. c3 cxd4 5. cxd4 Nc6 6. Nf3 Qb6 7. Bd3 Bd7 8. Be2
Bb4+ 9. Nc3 f6 10. Rb1 Bxc3+ 11. Kf1 Bxd4 12. Nxd4 Qxd4 13. exf6 Qxd1+ 14. Bxd1
Nxf6 15. Bd2 O-O 16. f3 Ne4 17. Ke2 Nd4+ 18. Ke3 Nxd2 19. Kxd2 Rac8 20. Kd3 e5
21. Be2 Bb5+ 22. Ke3 Bxe2 23. Rbc1 Rxc1 24. Rxc1 Bxf3 25. gxf3 Rxf3+ 26. Kd2
Rf2+ 27. Ke3 Rxb2 28. Rc7 a6 29. Rd7 Rxa2 30. Rxd5 b5 31. Rxe5 Re2+ 32. Kxd4
Rxe5 0-1

[Event "AUTO-INT-3353"]
[Site "http://www.queenalice.com/game.php?id=1531044"]
[Date "2018.6.14"]
[Round "1"]
[White "El_Toro"]
[Black "zecafernandes"]
[Result "0-1"]
[WhiteElo "1558"]
[BlackElo "1454"]

1. d4 d5 2. Bf4 f6 3. e3 c6 4. Nf3 a6 5. Bd3 f5 6. Ne5 Be6 7. Qh5+ g6 8. Nxg6
Nf6 9. Qh4 Rg8 10. Nxf8 Rxf8 11. Nc3 Nbd7 12. O-O-O Rg8 13. Bg3 b5 14. f3 Nf8
15. Be5 Ng6 16. Qf2 Rf8 17. Bxf6 Rxf6 18. Qd2 Qc7 19. e4 b4 20. Na4 a5 21. Qh6
Nf8 22. Qe3 Ng6 23. exf5 Bxf5 24. Bxf5 Rxf5 25. Nc5 Qf4 26. Qxf4 Nxf4 27. g3
Ne2+ 28. Kb1 Rxf3 0-1

[Event "AUTO-INT-3353"]
[Site "http://www.queenalice.com/game.php?id=1531045"]
[Date "2018.6.14"]
[Round "1"]
[White "zecafernandes"]
[Black "El_Toro"]
[Result "0-1"]
[WhiteElo "1491"]
[BlackElo "1509"]

1. e4 e6 2. a3 d5 3. Nc3 d4 4. Na4 e5 5. Nf3 Bd6 6. c3 Nc6 7. h4 a6 8. Ng5 b5 9.
Qf3 f6 10. Nh3 bxa4 11. Qd1 Bd7 12. Be2 Nge7 13. Qxa4 d3 14. Bxd3 Nb4 15. Qb3
Nxd3+ 16. Ke2 Nxc1+ 17. Raxc1 Rb8 18. Qa2 Qc8 19. f3 Be6 20. Qb1 Bxa3 21. Rc2
Bb3 22. Rcc1 Bxb2 23. Qxb2 Bc4+ 0-1

[Event "AUTO-INT-3353"]
[Site "http://www.queenalice.com/game.php?id=1531046"]
[Date "2018.6.14"]
[Round "1"]
[White "El_Toro"]
[Black "carpielo"]
[Result "1-0"]
[WhiteElo "1417"]
[BlackElo "1580"]

1. d4 d5 2. Bf4 e6 3. Nf3 Nf6 4. e3 Bd6 5. Ne5 O-O 6. Nd2 Ne4 7. f3 Nxd2 8. Qxd2
Nc6 9. c3 Bxe5 10. dxe5 Ne7 11. Bg3 a6 12. Bd3 c5 13. Rd1 c4 14. Bxc4 b5 15. Bb3
a5 16. O-O a4 17. Bc2 Ba6 18. Qd3 b4 19. Qxh7# 1-0

[Event "AUTO-INT-3353"]
[Site "http://www.queenalice.com/game.php?id=1531047"]
[Date "2018.6.14"]
[Round "1"]
[White "carpielo"]
[Black "El_Toro"]
[Result "0-1"]
[WhiteElo "1588"]
[BlackElo "1440"]

1. e4 e5 2. d4 exd4 3. Qxd4 Nc6 4. Qd1 Bc5 5. Nf3 d6 6. a3 Nf6 7. Bb5 Nxe4 8.
O-O O-O 9. Be3 Bxe3 10. fxe3 Bd7 11. Bd3 f5 12. Bxe4 fxe4 13. Nd4 Qg5 14. Nxc6
Qxe3+ 15. Kh1 Bxc6 16. Nd2 Rf2 17. Rxf2 Qb6 18. Nc4 Qxf2 19. b3 e3 20. Qe1 Bxg2#
0-1

[Event "AUTO-INT-3353"]
[Site "http://www.queenalice.com/game.php?id=1531048"]
[Date "2018.6.14"]
[Round "1"]
[White "El_Toro"]
[Black "Givanildo"]
[Result "1-0"]
[WhiteElo "1462"]
[BlackElo "1558"]

1. d4 d5 2. Bf4 Bf5 3. e3 e6 4. Nf3 h6 5. Ne5 Nd7 6. Nd2 Bb4 7. c3 Bd6 8. Ndf3
Bxe5 9. Nxe5 Nxe5 10. dxe5 Ne7 11. Bg3 g5 12. f4 gxf4 13. exf4 Qd7 14. Qb3 O-O
15. Be2 a6 16. O-O-O Nc6 17. Bd3 Bxd3 18. Rxd3 Na5 19. Qb4 b6 20. Bh4 Nc6 21.
Qa4 b5 22. Rg3+ Kh8 23. Bf6+ Kh7 24. Qc2# 1-0

[Event "AUTO-INT-3353"]
[Site "http://www.queenalice.com/game.php?id=1531049"]
[Date "2018.6.14"]
[Round "1"]
[White "Givanildo"]
[Black "El_Toro"]
[Result "1-0"]
[WhiteElo "1642"]
[BlackElo "1538"]

1. d4 Nf6 2. h3 d5 3. Bg5 Ne4 4. Bf4 e6 5. e3 Bd6 6. Bd3 Bxf4 7. Bxe4 Bxe3 8.
Qe2 Bxd4 9. c3 Bxf2+ 10. Qxf2 dxe4 11. Nd2 Qd3 12. Ne2 e3 13. Qf4 exd2+ 14. Qxd2
Qxd2+ 15. Kxd2 Nc6 16. a3 O-O 17. g4 e5 18. Raf1 Be6 19. g5 Rad8+ 20. Ke1 f5 21.
gxf6 Rxf6 22. Ng3 Bb3 23. Rxf6 gxf6 24. Rg1 Rd1+ 25. Kf2 Rxg1 26. Kxg1 Na5 27.
Nf5 Nc4 28. Ne7+ Kf7 29. Nf5 Nxb2 30. h4 Nc4 31. h5 Nxa3 32. Nh6+ Ke6 33. Kf2
Nb5 34. Ng4 Nxc3 35. Ne3 a5 36. Ke1 b5 37. Kd2 1-0

[Event "AUTO-OPEN-3944"]
[Site "http://www.queenalice.com/game.php?id=1531818"]
[Date "2018.6.19"]
[Round "1"]
[White "bonow"]
[Black "El_Toro"]
[Result "1-0"]
[WhiteElo "2199"]
[BlackElo "1566"]

1. e4 e6 2. d4 d5 3. Nc3 Bb4 4. Bd2 dxe4 5. Nxe4 Qxd4 6. Nc3 Nf6 7. Nf3 Qd8 8.
Bd3 Nbd7 9. O-O O-O 10. Re1 Nc5 11. Bc4 Bxc3 12. Bxc3 Qxd1 13. Raxd1 b6 14. Nd2
Bb7 15. Be5 c6 16. Nb3 Nxb3 17. Bxb3 Rfd8 18. f3 1-0

[Event "AUTO-OPEN-3944"]
[Site "http://www.queenalice.com/game.php?id=1531819"]
[Date "2018.6.19"]
[Round "1"]
[White "El_Toro"]
[Black "bonow"]
[Result "0-1"]
[WhiteElo "1564"]
[BlackElo "2200"]

1. d4 d5 2. c4 e6 3. e3 c6 4. Nf3 Nf6 5. Nbd2 Nbd7 6. Bd3 Bd6 7. c5 Be7 8. O-O
e5 9. dxe5 Ng4 10. b4 Ngxe5 11. Bf5 O-O 12. Nxe5 Nxe5 13. Bxc8 Rxc8 14. Bb2 Bf6
15. Rb1 Nd3 16. Bxf6 Qxf6 17. Nf3 Ne5 0-1

[Event "AUTO-OPEN-3944"]
[Site "http://www.queenalice.com/game.php?id=1531840"]
[Date "2018.6.19"]
[Round "1"]
[White "El_Toro"]
[Black "wiktormool"]
[Result "0-1"]
[WhiteElo "1560"]
[BlackElo "2048"]

1. e4 c5 2. Nf3 Nc6 3. d4 cxd4 4. c3 Nf6 5. e5 Ng4 6. cxd4 d5 7. h3 Nh6 8. Bxh6
gxh6 9. Nc3 e6 10. Qd2 a6 11. Be2 Qb6 12. O-O Bg7 13. Rab1 Qd8 14. a4 Bf8 15.
Na2 Rg8 16. Kh1 Qb6 17. Rfc1 Nb4 18. Nxb4 Qxb4 19. Qxb4 Bxb4 20. Rc2 Bd7 21. b3
Rc8 22. Rbc1 Bc6 23. Bd3 Rg7 24. Bxa6 Kd7 25. g4 Rgg8 26. Bb5 Ba3 0-1

[Event "AUTO-OPEN-3944"]
[Site "http://www.queenalice.com/game.php?id=1531841"]
[Date "2018.6.19"]
[Round "1"]
[White "wiktormool"]
[Black "El_Toro"]
[Result "1-0"]
[WhiteElo "2046"]
[BlackElo "1562"]

1. c4 Nf6 2. Nc3 g6 3. e4 d6 4. d4 Bg7 5. Qa4+ Qd7 6. Qb3 O-O 7. Nf3 c5 8. d5
Na6 9. Bd3 Nc7 10. O-O Rb8 11. Re1 a6 12. h3 b5 13. cxb5 axb5 14. Qc2 b4 15. Ne2
Ba6 16. Rb1 Bxd3 17. Qxd3 Qa4 18. a3 bxa3 19. bxa3 Nxe4 20. Bd2 Nxd2 21. Nxd2
Bf6 22. Nc4 Nb5 23. Rb3 Nd4 24. Nxd4 cxd4 25. Reb1 Rxb3 26. Rxb3 Rc8 27. Rc3 1-0